| 000 | 00865nam a2200241 a 4500 | ||
|---|---|---|---|
| 001 | 53679 | ||
| 003 | BD-RjUL | ||
| 005 | 20211209080013.0 | ||
| 008 | 161016s1969 ii ||||| |||| 00| 0 ben d | ||
| 020 | _c: IRs 7.00 | ||
| 035 | _a(BD-RjUL)53801 | ||
| 040 |
_aBD-RjUL _bben _cBD-RjUL |
||
| 041 | _aben | ||
| 082 |
_223 _a891.4409 _bBIS 1969 |
||
| 100 |
_aবিষ্ণু দে _9159959 |
||
| 245 | 1 | 0 |
_aসাহিত্যের ভবিষ্যৎ / _cবিষ্ণু দে |
| 250 | _a১ম ভারবী সং. | ||
| 260 |
_aকলিকাতা : _bভারবী, _c১৯৬৯ |
||
| 300 |
_a১৫৩ পৃ. ; _c২১ সেমি. |
||
| 650 |
_aবাংলা সাহিত্য _xইতিহাস ও সমালোচনা _9159960 |
||
| 650 |
_aBengali Literature _xHistory & Criticism _9159961 |
||
| 942 |
_2ddc _cBK |
||
| 999 |
_c53679 _d53679 |
||